000 00915nam a2200181 a 4500
001 000029788
005 20200930055815.0
008 110425s1984 dr ab 000 0 spa d
040 _aDO-SdBNP
_bspa
_cBNPHU
082 _axxx
_bR426d, 1984
110 1 _aRepública Dominicana
_bSecretaría de Estado de Industria y Comercio
_936704
245 1 0 _aDominican Republic : guidelines for investment in mining = República Dominicana : lineamientos para la inversión en minería.
250 _a2a ed.
260 _aSanto Domingo :
_bSecretaría de Estado de Industria y Comercio, Dirección General de Minería,
_c1984.
300 _a47 p. :
_bil., mapas ;
_c27 cm.
500 _aEn la cabeza del título: República Dominicana, una Secretarías de Estado de Industria y Comercio, Dirección General de Minería. "Minería de la política de la República Dominicana" ([6] p.) que se inserta en la p. 25.
049 _aBNPD
999 _c29280
_d29280